Mecánica dos fluidos e equacóes diferenciais
Saved in:
| Main Authors: | , |
|---|---|
| Format: | Bog |
| Sprog: | portugisisk |
| Udgivet: |
Río de Janeiro
IMPA
1991
|
| Fag: | |
| Tags: |
Tilføj Tag
Ingen Tags, Vær først til at tagge denne postø!
|
MARC
| LEADER | 00000nam a2200000 a 4500 | ||
|---|---|---|---|
| 001 | UCW1566 | ||
| 003 | CL-VaPUC | ||
| 008 | 920803e19910000BL |||||||||||||||||por|d | ||
| 082 | 0 | 4 | |a 515.35 |b TOS |2 21 |
| 100 | 0 | |a Toscano Melo, Severino |e author |9 305597 | |
| 700 | 0 | |a Moura Neto, Francisco |e author |9 305598 | |
| 245 | 1 | 0 | |a Mecánica dos fluidos e equacóes diferenciais |
| 300 | |a 155 p | ||
| 942 | |c BK | ||
| 945 | |d 19920803 00:00:00 | ||
| 260 | |a Río de Janeiro |b IMPA |c 1991 | ||
| 650 | 0 | |a Ecuaciones diferenciales |9 260083 | |
| 650 | 7 | |a MECANICA DE FLUIDOS MATEMATICAS |2 CL-VaPUC |9 271193 | |
| 583 | |a last modification |c 19920803 00:00:00 |k Rodrigo Vera | ||
| 999 | |c 216442 |d 216440 | ||
| 952 | |0 0 |1 0 |4 0 |6 515_350000000000000_TOS_1991 |7 0 |8 A |9 202162 |a BIBMAT |b BIBMAT |d 2019-11-14 |i 2692848 |o 515.35 TOS 1991 |p 2692848 |r 2025-01-07 |w 2019-11-14 |y BK |k MAT | ||